Multiple-Choice-Stadtquiz Wolfsburg - Statistiken

Allgemein
  • Dieses Quiz wurde 927 mal gespielt
  • Das Durchschnittsergebnis liegt bei 7 aus 10
Antwortstatistiken
Frage Antwort % Korrekt
Welche Automarke ist untrennbar mit Wolfsburg verbunden? Volkswagen
98%
In welchem Bundesland liegt Wolfsburg? Niedersachsen
94%
Wie heißt der erfolgreichste Fußballverein aus Wolfsburg? VfL Wolfsburg
92%
Welches KfZ-Kennzeichen hat Wolfsburg? WOB
83%
Wie heißt das bekannte Erlebnis- und Ausstellungszentrum dieser Automarke? Autostadt
82%
Welcher Kanal fließt mitten durch Wolfsburg? Mittellandkanal
66%
Wann wurde Wolfsburg gegründet? 1938
58%
Wonach ist die Stadt Wolfsburg benannt? Nach dem Schloss Wolfsburg
58%
Wie hieß die Stadt bis sie in Wolfsburg umbenannt wurde? Stadt des KdF-Wagens bei Fallersleben
51%
Wolfsburg liegt an welchem Fluss? Aller
47%
Keine übereinstimmenden Quizze gefunden
Verteilung der Resultate
Anzahl Personen mit jedem Resultat
Perzentil nach korrekt beantworteten Fragen
Ihre Resultats-Entwicklung
Sie haben dieses Quiz noch nicht gespielt